Star Trek Races (A - Z) Quiz Stats

 Plays Quiz not verified by Sporcle

Score 0/25 Timer 06:00
0 Plays Today
% Correct
Klingon
96.1%
Romulan
92.1%
Q
89.5%
Ferengi
86.5%
Cardassian
86%
Bajoran
83.4%
Andorian
77.7%
Gorn
75.1%
Trill
73.8%
Orion
66.4%
Jem'Hadar
62%
Xindi-Insectoid
54.6%
Vorta
54.1%
% Correct
Hirogen
47.2%
Denobulan
44.5%
El-Aurian
41.9%
Nausicaan
39.7%
Suliban
35.8%
Pakled
30.6%
Wadi
16.6%
Yridian
16.2%
Lurian
15.3%
Ullian
10.5%
Zalkonian
6.1%
Markalian
3.1%

You're not logged in!

Compare scores with friends on all Sporcle quizzes.
OR
Log In

Show Comments

Extras

Top Quizzes Today


Score Distribution

Your Account Isn't Verified!

In order to create a playlist on Sporcle, you need to verify the email address you used during registration. Go to your Sporcle Settings to finish the process.

Report this User

Report this user for behavior that violates our Community Guidelines.

Details: